|
|
|
|
| LEADER |
01390nam a2200289 a 4500 |
| 001 |
14282830 |
| 008 |
091122s2002 nyua b 001 0 eng d |
| 010 |
|
|
|a 2006306246
|
| 020 |
|
|
|a 0195219155
|
| 082 |
0 |
0 |
|a 321.8
|2 21
|
| 040 |
|
|
|a CUM
|c CUM
|d OCLCQ
|d CSL
|d DLC
|
| 245 |
0 |
0 |
|a Human development report 2002 :
|b deepening democracy in a fragmented world.
|
| 246 |
3 |
0 |
|a Deepening democracy in a fragmented world
|
| 260 |
|
|
|a New York, N.Y. :
|b Oxford University Press,
|c 2002.
|
| 300 |
|
|
|a xiv, 277 p. :
|b ill. ;
|c 28 cm.
|
| 500 |
|
|
|a "Published for the United Nations Development Programme (UNDP)."
|
| 504 |
|
|
|a Includes bibliographical references and index.
|
| 541 |
1 |
|
|e 00012235
|
| 650 |
|
0 |
|a Democracy
|v Cross-cultural studies.
|
| 650 |
|
0 |
|a Political participation
|v Cross-cultural studies.
|
| 650 |
|
0 |
|a Quality of life
|v Statistics.
|
| 650 |
|
0 |
|a Social indicators.
|
| 710 |
2 |
|
|a United Nations Development Programme.
|
| 852 |
4 |
|
|a Ayesha Abed Library
|j General Shelf.
|
| 999 |
|
|
|c 5808
|d 5808
|
| 952 |
|
|
|0 0
|1 0
|2 ddc
|4 0
|6 321_800000000000000_HUM
|7 0
|9 5765
|a BRACUL
|b BRACUL
|c GEN
|d 2009-11-23
|g 0.00
|l 0
|o 321.8 HUM
|p 3010012235
|r 2009-11-23
|t 1
|w 2009-11-23
|y BK
|x No price found in the accession register.
|
| 952 |
|
|
|0 0
|1 0
|2 ddc
|4 0
|6 321_800000000000000_HUM
|7 0
|9 5766
|a BRACUL
|b BRACUL
|c GEN
|d 2009-11-23
|g 0.00
|l 0
|o 321.8 HUM
|p 3010012936
|r 2009-11-23
|t 1
|w 2009-11-23
|y BK
|x No price found in the accession register.
|